A última batalha (Registo nº 1110)

Detalhes MARC
000 -Etiqueta do registo
Cabeçalho 00749nam0a2200265 4500
005 - Identificador da versão
Campo de controlo 20240813121825.0
010 ## - Número internacional normalizado dos livros (ISBN)
Número (ISBN) 9789722332200
021 ## - Número do Depósito Legal
Código do país PT
Número 284 802/08
100 ## - Dados gerais de processamento
Dados gerais de processamento 20160615d2008 a y0pory5003 ba
102 ## - Pais de publicação ou produção
País de publicação Portugal
101 1# - Língua de publicação
Língua do texto, banda sonora, etc. Português
Língua do documento no original Inglês
215 ## - Descrição física 
Indicação específica da natureza do documento e extensão da espécie 148, [1] p.
Outras indicações físicas il
200 1# - Titulo e menção de responsabilidade
Título próprio A última batalha
Primeira menção de responsabilidade C.S. Lewis
225 2# - Colecção 
Título próprio da colecção As crónicas de Nárnia
Indicação de volume 7
205 ## - Menção da edição
Menção da edição 7ª ed
210 ## - Publicação, Distribuição, etc. 
Lugar da edição, distribuição, etc. Barcarena
Nome do editor, distribuidor, etc. Presença
Data da publicação, distribuição, etc. 2008
300 ## - Notas gerais 
Texto da nota Plano Nacional de Leitura
606 ## - Nome comum usado como assunto
Número de registo de entrada de autoridade 0002994
Palavra de ordem Literatura inglesa
Subdivisão de assunto Fantasias
-- Fantástico
Código do sistema CA
675 ## - Classificação Decimal Universal (CDU)
Notação 821.111-312.9
Edição 3ª ed.
Língua da edição por
700 #1 - Nome de autor-pessoa física (responsabilidade principal)
Número de registo de entrada de autoridade 0001499
Palavra de ordem Lewis
Outra parte do nome não tomada para palavra de ordem C. S.
Datas 1898-1963
966 ## - Identificação da Biblioteca
Sigla EB2,3ENM
942 ## - Elementos de entrada adicionados (Koha)
Tipo de item no Koha Livro
Exemplares
Situação do levantamento Origin of item (home branch) (coded) Biblioteca de empréstimo Código de barras Cota Circulation type (not for loan) Tipo de documento Nota do exemplar Damaged status
  Biblioteca Escolar Eng. Nuno Mergulhão Biblioteca Escolar Eng. Nuno Mergulhão BENM2000 82LE-3 LEW PNL   Livro Sem mensagem